000 02413cad a22002295a 4500
001 L147659
008 090603e20090505xxk f v 000 0 eng d
035 _a(Sirsi) u147659
041 0 _aeng
245 0 4 _aEagles and Another v Minister for the Environment Sustainability and Housing, Welsh Assembly Government and Anor
_h[electronic resource]
260 _c2009
520 _a[2009] EWHC 1028 (Admin), 18 May 2009. The case relates to an appeal against the refusal of planning permission for a proposed barn conversion. Mr and Mrs J. Eagles (E) applied to quash a decision of the Minister for the Environment, Sustainability and Housing, Welsh Assembly Government, through an inspector, to refuse to grant them planning permission to convert a barn to ancillary use to a listed farmhouse. Torfaen County Borough Council (T) had refused to grant planning permission and the inspector upheld that decision. He considered that the proposed conversion would fail to preserve the character and setting of the listed building, and would result in a separate accommodation which was not ancillary to the farmhouse. E argued that the inspector failed to take into account the functional relationship of the development to the farmhouse and erred in considering ancillary use and in not considering the history of the listed building and the brick extension. "Held": Application refused. The inspector had taken into account the scale, size, and physical layout. He also considered that the extension would constitute a self-contained house not linked physically to the farmhouse and would afford those living in it the facilities necessary for private independent existence. As a result, the proposed conversion could not be of ancillary use to the farmhouse.
590 _aKA
650 2 4 _aEAGLES V MINISTER FOR THE ENVIRONMENT SUSTAINABILITY AND HOUSING, WELSH ASSEMBLY GOVERNMENT
650 2 4 _aGRAVESHAM BC V SECRETARY OF STATE FOR THE ENVIRONMENT
650 2 4 _aMOORE V SECRETARY OF STATE FOR THE ENVIRONMENT, TRANSPORT AND THE REGIONS
650 2 4 _aPLANNING (LISTED BUILDINGS AND CONSERVATION AREAS) ACT 1990 S66
651 4 _aEngland and Wales
_y1543-
690 _aENVIRONMENTAL AND LAND CONSULTANCY-PLANNING AND DEVELOPMENT-DEVELOPMENT CONTROL-PLANNING ENFORCEMENT
856 4 0 _uhttps://www.bailii.org/ew/cases/EWHC/Admin/2009/1028.html
_zView the case free of charge at www.bailli.org...
942 _n0
999 _c81604
_d81604